Preliminary Report on Kot Diji Excavations 1957-58 / (Record no. 23524)

MARC details
000 -LEADER
fixed length control field 00502nam a22001697a 4500
003 - CONTROL NUMBER IDENTIFIER
control field BDDh-ASL
005 - DATE AND TIME OF LATEST TRANSACTION
control field 20231015030243.0
008 - FIXED-LENGTH DATA ELEMENTS--GENERAL INFORMATION
fixed length control field 210327s19581957pk ||||| |||| 00| 0 eng d
040 ## - CATALOGING SOURCE
Original cataloging agency BDDh-ASL
Transcribing agency BDDh-ASL
082 ## - DEWEY DECIMAL CLASSIFICATION NUMBER
Classification number 930.1
Item number KHP
100 1# - MAIN ENTRY--PERSONAL NAME
9 (RLIN) 2439
Personal name Khan, F. A.
Titles and words associated with a name Dr.
245 10 - TITLE STATEMENT
Title Preliminary Report on Kot Diji Excavations 1957-58 /
260 ## - PUBLICATION, DISTRIBUTION, ETC.
Place of publication, distribution, etc. Pakistan:
Name of publisher, distributor, etc. Department of Archaeology,
Date of publication, distribution, etc. 1957-58.
300 ## - PHYSICAL DESCRIPTION
Extent 20 p. :
Dimensions 25 cm.
650 #0 - SUBJECT ADDED ENTRY--TOPICAL TERM
9 (RLIN) 3553
Topical term or geographic name entry element Archaeology
General subdivision Excavations
942 ## - ADDED ENTRY ELEMENTS (KOHA)
Source of classification or shelving scheme Dewey Decimal Classification
Koha item type Books
Holdings
Withdrawn status Lost status Source of classification or shelving scheme Damaged status Not for loan Collection code Home library Current library Shelving location Date acquired Total Checkouts Full call number Barcode Date last seen Copy number Price effective from Koha item type Public note
    Dewey Decimal Classification     Non-fiction Asiatic Society Library Asiatic Society Library General Stacks 03/27/2021   930.1 KHP 107986 03/27/2021 C-1 03/27/2021 Books RARE
    Dewey Decimal Classification     Non-fiction Asiatic Society Library Asiatic Society Library General Stacks 03/27/2021   930.1 KHP 107987 03/27/2021 C-2 03/27/2021 Books RARE

Powered by Koha